000 00755nam a22002297a 4500
003 UA-OsUOA
001 126797
007 ta
008 20171106b un ||||| |||| 00| 0 ukr d
100 _aІсіченко І.
700 _aархієпископ
090 _a82
_bИ99
942 _cSA
040 _aUA-OsUOA
_bukr
_cUA-OsUOA
_dUA-OsUOA
245 _aОмани Сходу в паломницькій перспективі Мелетія Смотрицького (за матеріалами трактату "Apologia peregrinatiey do kraiow wschodnich", 1628)
300 _aС.3-11
955 _a0
041 _aukr
080 _a82
773 0 _w126794
650 7 _a82 Література. Літературознавство
_2UDC
999 _c413944
_d413944